000 00576cab a2200205 4500
001 ABS42988
008 090401t1990 xxu||||| |||| 00| 0 eng d
035 _a(Sirsi) u39821
041 _aeng
100 _aBishop, P.
245 _aNorthern star
260 _c1990
350 _a0
490 _aNew Civil Engineer
_v(900) 14 June 1990, 25-29(4)
520 _aReviews the role of the Tyne and Wear Development Corporation in the revival of the North-East .
650 _aURBAN DEVELOPMENT CORPORATIONS
690 _aURBAN RENEWAL
942 _n0
948 _c04/03/1997
999 _c25491
_d25491